000 02358agaaa2200325 4500
001 5227
003 IT-RoPAU
005 20220918181231.0
007 d cvaizq
008 50131s9999||||xx ||| | || ||und||
040 _aIT-RoPAU
_cIT-RoPAU
041 _aITALIANO
100 _aCapitani Giorgio
_gCodice regista SPICS: 58033
_940912
130 _aPAPA GIOVANNI - JOANNES XXIII
_940913
245 _aPAPA GIOVANNI - JOANNES XXIII
_cProdotto da: Bernabei Luca -- Sceneggiatura: Serofolini Massimo Scardamaglia Francesco -- Diretto da: Capitani Giorgio
_pPAPA GIOVANNI - JOANNES XXIII (Rif. Codice opera principale : H5227)
250 _aEdizione Standard
260 _a(ITALIA)
_bLUX VIDE - RAI FICTION - RAI TRADE - EOS INTE / Distribuzione: MULTIMEDIA SAN PAOLO
_g"2002 (1° ed.: 2004 ; Ed. Lingua Orig.: 2002)"
300 _aDVD
_bsonoro, col.
_c204 minuti
508 _a"Fotografia: Kuveiller Luigi; Montaggio: Siciliano Antonio; Musica: Frisina Marco; Sceneggiatura: Serofolini Massimo Scardamaglia Francesco; Scenografia: Vanorio Francesco; Soggetto: Scardamaglia Francesco -- Zizola Giancarlo"
511 _a"Asner Edward; Ghini Massimo; Rich Claude; Mendl Michael; Interlenghi Franco; Rome Syd"
520 _a"QUANDO IL 28 OTTOBRE 1958 A 77 ANNI, ANGELO RONCALLI VENNE ELETTO PAPA, NESSUNO POTEVA IMMAGINARE CHE SAREBBE DIVENTATO UNO DEI PAPI PIU' IMPORTANTI DELLA STORIA, TRA I PIU' POPOLARI E RIVOLUZIONARI. ASSUNSE IL NOME DI SUO PADRE, DEL PATRONO DEL SUO PAESE NATALE EDELL'EVANGELISTA DELLA CARITA': GIOVANNI XXIII. AMATO DALLA GENTE, PAPA GIOVANNI MORI' DOPO APPENA QUATTRO ANNI DI PONTIFICATO IL 3 GIUGNO 1963. IL FILM RIPERCORRE LA SUA VITA, DA QUAND'ERA BAMBINO FINO ALLA MORTE SOTTOLINEANDO LE TAPPE DEL SUO SEGRETARIATO A BERGAMO; LA SUA ESPERIENZA IN BULGARIA, IN TURCHIA E A PARIGI; INOLTRE SI SOFFERMA SULLA PREPARAZIONE DEL CONCILIO VATICANO II."
538 _aPAL, STEREO
546 _aITALIANO
650 _aBIOGRAFICO
_eDVD-FILM [DVD]
_xCodice MATERIA SPICS: 9947
_937079
700 _aCapitani Giorgio
_e(regista)
_gCodice regista SPICS: 58033
_940914
700 _aFrisina Marco
_e(musica)
_gCodice Musica SPICS: 38406
_940915
700 _aScardamaglia Francesco
_e(soggetto)
_gCodice Soggetto SPICS: 32801
_940916
700 _aZizola Giancarlo
_e(soggetto)
_gCodice Soggetto 2° SPICS: 19291
_940917
942 _cDV
_2ddc
999 _c105350
_d105350